| 000 | 00408nam a2200157Ia 4500 | ||
|---|---|---|---|
| 008 | 131103s9999 xx 000 0 und d | ||
| 040 | _aLoreto College | ||
| 041 | _aEnglish | ||
| 082 |
_a821/BOO _bLCBkB/E332 |
||
| 245 | 2 |
_aA book of poems _b three-year degree course |
|
| 260 |
_a[s.l.] _b[s.n.] _c[19?] |
||
| 300 |
_a140p. _c 18cm. |
||
| 650 | _aEnglish poetry | ||
| 850 | _aLCBkB/821/BOO | ||
| 942 | _cBK | ||
| 999 |
_c35747 _d86226 |
||